Canadian Children's and Family Television Channels - Statistics

General Stats
  • This quiz has been taken 28 times
  • The average score is 6 of 13
Answer Stats
Hint Answer % Correct
11. "6teen", "What About Mimi", "Angela Anaconda" Teletoon
64%
13. "Uh Oh!", "Pokemon", "Video & Arcade Top 10" YTV
64%
10. "Victorious", "Big Time Rush", "School of Rock" Nickelodeon
60%
3. Both children's programming and "Adult Swim" Cartoon Network
56%
7. "Life With Derek", "The Latest Buzz" Family Channel
56%
12. "Caillou", "The Big Comfy Couch", "Bob the Builder" Treehouse
56%
4. Mickey's OFFICIAL channel in Canada Disney Channel (Canada)
52%
9. Affiliated with #7, "Little Einsteins" Family Jr
48%
5. Affiliated with the above channel, for children 2-7 yrs old Disney Junior (Canada)
44%
6. Affiliated with #4, for children 6-11 yrs old Disney XD (Canada)
40%
1. "AFV"; "Baby Daddy" ABC Spark
28%
8. Affiliated with the above channel, for children 6-12 Family CHRGD
24%
2. "Big Wolf on Campus", "The Famous Jett Jackson" BBC Kids
16%
No matching quizzes found
Score Distribution
Percent of People with Each Score
Percentile by Number Answered
Your Score History
You have not taken this quiz